000 01109cam a22002894a 4500
999 _c330791
_d330791
001 14303175
003 NUST
005 20170807115103.0
008 060317r20051858pk 000 0 eng
010 _a 2006332215
020 _a9693517563
025 _aP-E-2006332215 ; 20
040 _aDLC
_cDLC
042 _alcode
043 _aa-ii---
050 0 0 _aDS478
_b.C77 2005
082 _a954.56
_bCOO
100 1 _aCooper, Frederick,
_d1826 or 1827-1869.
_93807
245 1 4 _aThe crisis in the Punjab :
_bfrom the 10th of May until the fall of Delhi /
_cby a Punjab employee.
260 _aLahore :
_bSang-e Meel Publications,
_c2005.
300 _aiv, vii, 154, vi p. ;
_c22 cm.
500 _a"For the benefit of the 'Lawrence Asylum'."
500 _aReprint. Originally published: Lahore : Punjabee Press, 1858.
651 0 _aIndia
_xHistory
_ySepoy Rebellion, 1857-1858
_vSources.
_91361
651 0 _aPunjab (India)
_xHistory
_y19th century
_vSources.
_93808
906 _a7
_bcbc
_corigode
_d3
_encip
_f20
_gy-gencatlg
942 _2ddc
_cBK